01809nam a2200349Ic 450000100060000000300100000600500170001600700030003300800410003602000150007702000180009204000350011004100130014508200180015810000420017624501090021825000220032726400520034930000180040133600270041933700330044633800280047952006530050752100410116053400210120154500550122265000370127765000340131465000270134870000400137570000440141560865CO-BoRNBP20260413212652.0ta210826s2017 ck er 000 0dspa d a9584263528 a9789584263520 aCO-BoRNBPbspaerdacCO-BoRNBP1 aspaheng04a901bC17q22210aCarr, Edward Hallett,d1892-1982eaut11a¿Qué es la historia? /cE. H. Carr ; traducción de Joaquín Romero Maura y Horacio Vázquez Rial. aPrimera edición 1aBogotá, Colombia :bPlaneta Colombiana,c2017 a220 páginas atextobtxt2rdacontent asin mediaciónbn2rdamedia avolumenbnc2rdacarrier aDesde su publicación por vez primera en 1961, ¿Qué es la historia? de E. H. Carr, se ha confirmado como un clásico de introducción a la materia. Abrazando temas que van desde la objetividad histórica, la sociedad y el individuo y la naturaleza de la causalidad hasta la posibilidad de progreso, Carr nos ofrece un ingenioso e incisivo texto que aún hoy conserva el poder de provocar la controversia. Para esta nueva edición Richard J. Evans ha escrito una extensa introducción en la que expone los orígenes y el impacto de la obra, y confirma su importancia en la era del postmodernismo y el anhelo epistemológico del siglo XXI aRecomendado para un público adulto tWhat is history? aIncluye datos biográficos del autor en la solapa07aFilosofía de la historia2lemb17aGeografía histórica2lemb17aHistoriografía2lemb1 aRomero Maura, Joaquínd1940-etrl1 aVázquez Rial, Horaciod1947-2012etrl